| 000 | 00420nam a2200145Ia 4500 | ||
|---|---|---|---|
| 008 | 210210b1985 xxu||||| |||| 00| 0 eng d | ||
| 082 | _a301 INDS | ||
| 100 | _aINDIAN COUNCIL OF SOCIAL SCIENCE RESEARCH. | ||
| 245 | _aSurvey of research in sociology and social anthropology. 1969-1979. Vol.2 | ||
| 260 |
_aND _bSatvahan publications _c1985 |
||
| 300 | _axvi,344 | ||
| 440 | _a2 | ||
| 690 | _aSociology | ||
| 906 | _a037129 | ||
| 999 |
_c87440 _d87440 |
||